Structured courses as a strategy for rural development : a case study of the Kenya farmer training centres /

Bibliographic Details
Main Author: Mulusa, Thomas, 1936-
Format: Thesis Microform Book
Language:English
Published: [Place of publication not identified] : [publisher not identified] ; 1983.
Subjects:

MARC

Tag First Indicator Second Indicator Subfields
LEADER 00000cam a2200000 a 4500
001 in00000015512
005 20151007052531.0
007 he amb|||||||
008 880517r19841983miua bb 00010 eng d
035 |a (OCoLC)17961233 
035 |9 AAA8182AM 
040 |a TXA  |c TXA  |d UtOrBLW 
043 |a f-ke--- 
049 |a TXAI 
099 |a fiche  |a C  |a 7837 
100 1 |a Mulusa, Thomas,  |d 1936- 
245 1 0 |a Structured courses as a strategy for rural development :  |b a case study of the Kenya farmer training centres /  |c by Thomas Mulusa. 
264 1 |a [Place of publication not identified] :  |b [publisher not identified] ;  |c 1983. 
300 |a xv, 284 leaves :  |b illustrations 
336 |a text  |b txt  |2 rdacontent 
337 |a microform  |b h  |2 rdamedia 
338 |a microfiche  |b he  |2 rdacarrier 
502 |b Ed. D.  |c University of Massachusetts  |d 1983. 
504 |a Bibliography: leaves 228-234. 
533 |a Microfiche.  |b Ann Arbor, Mich. :  |c University Microfilms International,  |d 1984.  |e 4 microfiches ; 11 x 15 cm. 
500 |a Microform. 
650 0 |a Agricultural education  |z Kenya. 
650 0 |a Rural development  |z Kenya. 
999 |a MARS 
999 f f |s d602fe74-36ac-3618-8341-837f7d28dac9  |i 4b9fb701-eb87-32c0-8770-2e97cc609f55  |t 0 
952 f f |p normal  |a Texas A&M University  |b College Station  |c Sterling C. Evans Library  |d Evans: Microforms (3rd floor)  |t 0  |e fiche C 7837  |h Other scheme  |i microform -- microfiche  |m A14822805122 
998 f f |a fiche C 7837  |t 0  |l Evans: Microforms (3rd floor)